How the Gold Standard Functioned in Portugal: An Analysis of Some Macroeconomic Aspects
Uložené v:
| Hlavný autor: | |
|---|---|
| Ďalší autori: | |
| Médium: | Kapitola |
| Jazyk: | English |
| Tagy: |
Žiadne tagy, Buďte prvý, kto otaguje tento záznam!
|
MARC
| LEADER | 00000naa$a2200000$$$4500 | ||
|---|---|---|---|
| 001 | 0308404 | ||
| 005 | 20250707072458.5 | ||
| 041 | 0 | |a eng | |
| 044 | |a GR | ||
| 245 | 1 | 0 | |a How the Gold Standard Functioned in Portugal: An Analysis of Some Macroeconomic Aspects |c António Portugal Duarte, Joao Sousa Andrade |
| 100 | 1 | |a Duarte, António Portugal | |
| 700 | 1 | |a Andrade, Joao Sousa | |